[Event "Mondiale Lampo FIDE 2019"]
[Site "Mosca"]
[Date "29.12.2019"]
[Round "4.1"]
[White "Firouzja, Alireza"]
[Black "Yu, Yangyi"]
[Result "0-1"]
[WhiteTitle "GM"]
[BlackTitle "GM"]
[WhiteElo "2723"]
[BlackElo "2738"]
[WhiteFideId "12573981"]
[BlackFideId "8603820"]
[EventDate "2019.12.29"]

1. e4 e5 2. Nf3 Nf6 3. Nxe5 d6 4. Nf3 Nxe4 5. Nc3 Nxc3 6. dxc3 Be7 7. Be3 Nc6 8.
Qd2 Bf5 9. O-O-O Qd7 10. Bc4 Be6 11. Qe2 Bxc4 12. Qxc4 Qe6 13. Rd5 O-O 14. Rhd1
Rfe8 15. Qb5 Rab8 16. Kb1 a6 17. Qa4 Bf6 18. a3 h6 19. h3 Qe4 20. Qxe4 Rxe4 21.
Nd2 Re5 22. Rd3 Re6 23. Rd5 Ne7 24. Ra5 Re8 25. Nf3 Nc6 26. Rad5 Ne7 27. R5d3
Nf5 28. Bc1 Re2 29. Rf1 Nh4 30. Nxh4 Bxh4 31. Be3 Bg5 32. Bxg5 hxg5 33. Kc1 f6
34. Rd2 R2e4 35. b3 Kf7 36. Kd1 R8e5 37. Rd3 Kg6 38. Kd2 f5 39. Re3 Rxe3 40.
fxe3 Kh5 41. e4 f4 42. Kd3 d5 43. exd5 Rxd5+ 44. Ke2 Re5+ 45. Kd2 Re3 46. Rf2
Kh4 47. c4 Kg3 0-1

[Event "Mondiale Lampo FIDE 2019"]
[Site "Mosca"]
[Date "29.12.2019"]
[Round "4.2"]
[White "Carlsen, Magnus"]
[Black "Jakovenko, Dmitry"]
[Result "1-0"]
[WhiteTitle "GM"]
[BlackTitle "GM"]
[WhiteElo "2872"]
[BlackElo "2698"]
[WhiteFideId "1503014"]
[BlackFideId "4122356"]
[EventDate "2019.12.29"]

1. c4 c5 2. g3 g6 3. Bg2 Bg7 4. Nc3 Nc6 5. d3 d6 6. Qd2 Qd7 7. b3 b6 8. Bb2 Bb7
9. Nd5 Bxb2 10. Qxb2 e5 11. f4 O-O-O 12. Nf3 f6 13. O-O Nce7 14. e4 Nxd5 15.
exd5 Ne7 16. fxe5 dxe5 17. Nd2 Rhf8 18. Ne4 Ng8 19. b4 cxb4 20. Qxb4 f5 21. Ng5
Qd6 22. Qxd6 Rxd6 23. Rae1 h6 24. Ne6 Re8 25. Rxe5 Nf6 26. Rfe1 Kb8 27. Nf4 Rxe5
28. Rxe5 Ng4 29. Re8+ Bc8 30. d4 g5 31. c5 Rd7 32. Ng6 Nf6 33. Rf8 Nxd5 34. Ne5 1-0

[Event "Mondiale Lampo FIDE 2019"]
[Site "Mosca"]
[Date "29.12.2019"]
[Round "4.4"]
[White "Wojtaszek, Radoslaw"]
[Black "Esipenko, Andrey"]
[Result "1-0"]
[WhiteTitle "GM"]
[BlackTitle "GM"]
[WhiteElo "2725"]
[BlackElo "2642"]
[WhiteFideId "1118358"]
[BlackFideId "24175439"]
[EventDate "2019.12.29"]

1. d4 Nf6 2. c4 e6 3. Nf3 d5 4. g3 dxc4 5. Bg2 a6 6. O-O Nc6 7. e3 Rb8 8. Qe2 b5
9. b3 cxb3 10. axb3 Bb7 11. Rd1 Be7 12. Ne5 Nb4 13. Bxb7 Rxb7 14. Bd2 Rb6 15.
Bxb4 Bxb4 16. Nd3 Qe7 17. Rc1 O-O 18. Nd2 Bd6 19. Nf3 Ne4 20. Qc2 b4 21. Nde5
Nc3 22. Nc4 Rb5 23. Rxa6 Rf5 24. Kg2 Qf6 25. Nfe5 Rd8 26. Rca1 Bxe5 27. Nxe5
Rxe5 28. dxe5 Qxe5 29. Qd3 Rf8 30. Ra8 g6 31. Rxf8+ Kxf8 32. Ra8+ Kg7 33. Qd4
Qxd4 34. exd4 Nd5 35. Kf3 Kf6 36. Ke4 Nc3+ 37. Kd3 Nd5 38. h4 h5 39. Rf8 Ke7 40.
Rb8 Kf6 41. f3 Kf5 42. Rf8 Kf6 43. g4 Kg7 44. Rb8 hxg4 45. fxg4 Kf6 46. Ke4 Nc3+
47. Kf3 Nd5 48. Rg8 Ne7 49. Re8 Nd5 50. Ke4 Nc3+ 51. Kd3 Nd5 52. Rc8 Kg7 53. Ra8
Kf6 54. Ra1 Nf4+ 55. Ke4 Nd5 56. Rf1+ Kg7 57. Ke5 Ne7 58. Rf3 Nc6+ 59. Ke4 Ne7
60. Kd3 Nd5 61. Kc4 f5 62. gxf5 gxf5 63. Rg3+ Kh6 64. Rg8 f4 65. Kd3 Kh5 66.
Rh8+ Kg4 67. h5 f3 68. h6 Nf6 69. Rf8 Ne4 70. Rg8+ Ng5 1-0

[Event "Mondiale Lampo FIDE 2019"]
[Site "Mosca"]
[Date "29.12.2019"]
[Round "4.5"]
[White "Abdusattorov, Nodirbek"]
[Black "Mamedov, Rauf"]
[Result "1-0"]
[WhiteTitle "GM"]
[BlackTitle "GM"]
[WhiteElo "2635"]
[BlackElo "2659"]
[WhiteFideId "14204118"]
[BlackFideId "13401653"]
[EventDate "2019.12.29"]

1. e4 c5 2. Nf3 Nc6 3. d4 cxd4 4. Nxd4 g6 5. c4 Nf6 6. Nc3 d6 7. Be2 Nxd4 8.
Qxd4 Bg7 9. Be3 O-O 10. Qd2 a5 11. f3 a4 12. O-O Bd7 13. Rfc1 Bc6 14. Rab1 Qa5
15. Nd5 Qd8 16. Nb6 Rb8 17. b4 axb3 18. axb3 Nd7 19. Nd5 Ra8 20. b4 Ra3 21. Bf2
h5 22. Bf1 Kh7 23. Rd1 Ne5 24. b5 Bxd5 25. Qxd5 b6 26. Qb7 Nd7 27. f4 Ra2 28.
Be3 Ra3 29. Bf2 Ra2 30. e5 Qc8 31. Qxc8 Rxc8 32. exd6 exd6 33. Rxd6 Nf6 34. Bxb6
Ne4 35. Rd7 Rb8 36. Be3 Ra3 37. Rd3 Ra2 38. b6 Nc3 39. Re1 Rb2 40. c5 Na4 41.
Rd7 Re8 42. Rxf7 Kh6 43. Rxg7 Rxe3 44. Rxe3 Kxg7 45. Re7+ Kf6 46. Rc7 Rb1 47. b7
Nc3 48. Rc6+ Kf5 49. Rb6 1-0

[Event "Mondiale Lampo FIDE 2019"]
[Site "Mosca"]
[Date "29.12.2019"]
[Round "4.6"]
[White "Khusnutdinov, Rustam"]
[Black "Karjakin, Sergey"]
[Result "0-1"]
[WhiteTitle "GM"]
[BlackTitle "GM"]
[WhiteElo "2491"]
[BlackElo "2754"]
[WhiteFideId "13701703"]
[BlackFideId "14109603"]
[EventDate "2019.12.29"]

1. Nc3 d5 2. e4 dxe4 3. Nxe4 Nd7 4. g3 Ngf6 5. Nxf6+ Nxf6 6. Bg2 e5 7. Ne2 Bc5
8. O-O h5 9. Re1 O-O 10. h4 Bf5 11. d4 exd4 12. Bg5 Qd6 13. Nf4 g6 14. Bxf6 Qxf6
15. Bxb7 Rab8 16. Bd5 Rxb2 17. Bb3 d3 18. Nd5 Qd4 19. Ne7+ Bxe7 20. Rxe7 Qf6 21.
Rxc7 dxc2 0-1

[Event "Mondiale Lampo FIDE 2019"]
[Site "Mosca"]
[Date "29.12.2019"]
[Round "4.7"]
[White "Ponkratov, Pavel"]
[Black "Nepomniachtchi, Ian"]
[Result "1-0"]
[WhiteTitle "GM"]
[BlackTitle "GM"]
[WhiteElo "2632"]
[BlackElo "2767"]
[WhiteFideId "4157800"]
[BlackFideId "4168119"]
[EventDate "2019.12.29"]

1. e4 c5 2. Nf3 d6 3. d4 cxd4 4. Nxd4 Nf6 5. Nc3 a6 6. h3 e5 7. Nde2 h5 8. Be3
Be6 9. g3 Nbd7 10. a4 Be7 11. Bg2 Rc8 12. a5 O-O 13. O-O Nc5 14. f4 exf4 15.
gxf4 Bc4 16. Rf2 d5 17. exd5 Bxe2 18. Qxe2 Re8 19. Qf3 Nce4 20. Nxe4 Nxe4 21.
Bb6 Qd6 22. Qxe4 Bh4 23. Qd4 Bxf2+ 24. Qxf2 Qg6 25. c3 Qd3 26. Re1 h4 27. Bd4
Rcd8 28. Qxh4 Qd2 29. Rxe8+ Rxe8 30. Qg5 1-0

[Event "Mondiale Lampo FIDE 2019"]
[Site "Mosca"]
[Date "29.12.2019"]
[Round "4.8"]
[White "Artemiev, Vladislav"]
[Black "Alonso Rosell, Alvar"]
[Result "1-0"]
[WhiteTitle "GM"]
[BlackTitle "GM"]
[WhiteElo "2731"]
[BlackElo "2548"]
[WhiteFideId "24101605"]
[BlackFideId "2270544"]
[EventDate "2019.12.29"]

1. c4 c5 2. g3 Nc6 3. Bg2 g6 4. Nc3 Bg7 5. e3 e5 6. Nge2 Nge7 7. O-O O-O 8. b3
d6 9. Bb2 Be6 10. d3 d5 11. e4 dxc4 12. bxc4 Nd4 13. Nxd4 Qxd4 14. Rb1 Qd7 15.
Nd5 Nc6 16. Bc3 f5 17. exf5 gxf5 18. Qh5 Rf7 19. f4 exf4 20. Bxg7 Kxg7 21. Nxf4
Rb8 22. Rbe1 Qd4+ 23. Kh1 Bd7 24. Bd5 Rf6 25. Re2 Rbf8 26. Rfe1 Kh8 27. Re7 Nxe7
28. Rxe7 Qa1+ 29. Kg2 Qb2+ 30. Kf3 h6 31. Ng6+ Rxg6 32. Qxg6 1-0

[Event "Mondiale Lampo FIDE 2019"]
[Site "Mosca"]
[Date "29.12.2019"]
[Round "4.9"]
[White "Cheparinov, Ivan"]
[Black "Andreikin, Dmitry"]
[Result "0-1"]
[WhiteTitle "GM"]
[BlackTitle "GM"]
[WhiteElo "2687"]
[BlackElo "2724"]
[WhiteFideId "2905540"]
[BlackFideId "4158814"]
[EventDate "2019.12.29"]

1. Nf3 Nf6 2. c4 e6 3. d4 d5 4. Nc3 a6 5. cxd5 exd5 6. Bg5 Be6 7. e3 Nbd7 8. h3
h6 9. Bf4 Bf5 10. Qb3 Nb6 11. g4 Bh7 12. Ne5 c6 13. O-O-O a5 14. Bd3 Bxd3 15.
Nxd3 a4 16. Qc2 Nc4 17. Rhe1 a3 18. b3 Nb2 19. Rd2 Nxd3+ 20. Qxd3 Bb4 21. Rc2
O-O 22. Rg1 Bxc3 23. Qxc3 Ne4 24. Qd3 Rc8 25. f3 Ng5 26. Bxg5 Qxg5 27. h4 Qxh4
28. g5 hxg5 29. Rcg2 f6 30. f4 c5 31. Qf5 cxd4+ 32. Kd1 Qh5+ 33. Rg4 Qf7 34.
fxg5 fxg5 35. Qxf7+ Rxf7 36. exd4 Rfc7 37. Rxg5 Rc1+ 38. Kd2 R8c2+ 39. Ke3 Rxg1
40. Rxg1 Rxa2 41. Kd3 Rf2 0-1

[Event "Mondiale Lampo FIDE 2019"]
[Site "Mosca"]
[Date "29.12.2019"]
[Round "4.10"]
[White "Vidit, Santosh Gujrathi"]
[Black "Safarli, Eltaj"]
[Result "1-0"]
[WhiteTitle "GM"]
[BlackTitle "GM"]
[WhiteElo "2721"]
[BlackElo "2601"]
[WhiteFideId "5029465"]
[BlackFideId "13402129"]
[EventDate "2019.12.29"]

1. Nf3 Nf6 2. c4 c5 3. Nc3 e6 4. e3 d5 5. d4 a6 6. b3 Nc6 7. Bb2 cxd4 8. Nxd4
Bc5 9. Nxc6 bxc6 10. Be2 O-O 11. O-O Bd6 12. Rc1 a5 13. cxd5 cxd5 14. Nb5 Ba6
15. Nxd6 Qxd6 16. Bxa6 Rxa6 17. Qd4 Raa8 18. Rc2 Rfc8 19. Rfc1 Rxc2 20. Rxc2 h6
21. h3 Ne8 22. e4 dxe4 23. Qxe4 Rd8 24. Qe2 f6 25. Bc3 Qd5 1-0

[Event "Mondiale Lampo FIDE 2019"]
[Site "Mosca"]
[Date "29.12.2019"]
[Round "4.11"]
[White "Adhiban, Baskaran"]
[Black "Grischuk, Alexander"]
[Result "0-1"]
[WhiteTitle "GM"]
[BlackTitle "GM"]
[WhiteElo "2654"]
[BlackElo "2777"]
[WhiteFideId "5018471"]
[BlackFideId "4126025"]
[EventDate "2019.12.29"]

1. d4 e6 2. e4 d5 3. Nd2 c5 4. exd5 Qxd5 5. Ngf3 cxd4 6. Bc4 Qd6 7. Ne4 Qb4+ 8.
Nfd2 Nd7 9. c3 dxc3 10. bxc3 Qa5 11. O-O Ngf6 12. Rb1 a6 13. Re1 Be7 14. Bxe6
fxe6 15. Nc4 Qd5 16. Nxf6+ Nxf6 17. Nb6 Qf5 18. Nxa8 Qxb1 19. Nc7+ Kf7 20. Qe2
Qb6 21. Bf4 Rd8 22. h3 Qc6 23. c4 Rd4 24. Be5 Re4 25. Qd1 Rxe5 26. Rxe5 Qxc7 0-1

[Event "Mondiale Lampo FIDE 2019"]
[Site "Mosca"]
[Date "29.12.2019"]
[Round "4.12"]
[White "Matlakov, Maxim"]
[Black "Mozharov, Mikhail"]
[Result "1-0"]
[WhiteTitle "GM"]
[BlackTitle "GM"]
[WhiteElo "2699"]
[BlackElo "2558"]
[WhiteFideId "4168003"]
[BlackFideId "4189825"]
[EventDate "2019.12.29"]

1. d4 d5 2. c4 e6 3. Nc3 Bb4 4. a3 Bxc3+ 5. bxc3 Nf6 6. cxd5 exd5 7. e3 c5 8.
Bd3 O-O 9. Ne2 b6 10. O-O Ba6 11. f3 Re8 12. Ng3 Bxd3 13. Qxd3 Nc6 14. Bb2 c4
15. Qe2 Re6 16. Rae1 b5 17. e4 Ne8 18. e5 g6 19. Qf2 a5 20. f4 f5 21. exf6 Rxf6
22. f5 Nd6 23. Bc1 Rf7 24. Re6 Qd7 25. Qe2 Re8 26. Rxd6 1-0

[Event "Mondiale Lampo FIDE 2019"]
[Site "Mosca"]
[Date "29.12.2019"]
[Round "4.13"]
[White "Petrosian, Tigran L."]
[Black "Mamedyarov, Shakhriyar"]
[Result "1/2-1/2"]
[WhiteTitle "GM"]
[BlackTitle "GM"]
[WhiteElo "2601"]
[BlackElo "2772"]
[WhiteFideId "13301616"]
[BlackFideId "13401319"]
[EventDate "2019.12.29"]

1. Nf3 Nf6 2. g3 g6 3. Bg2 Bg7 4. O-O O-O 5. d3 d6 6. e4 e5 7. a4 a5 8. Nbd2 Re8
9. Nc4 Be6 10. b3 h6 11. Bb2 Nc6 12. Re1 Qd7 13. Qd2 b6 14. Ne3 Rad8 15. c4 Bh3
16. Nd5 Bxg2 17. Kxg2 Kh7 18. Re2 Nb8 19. d4 Nc6 20. dxe5 dxe5 21. Rd1 Qc8 22.
Bc3 Nd7 23. Qb2 Nc5 24. h3 Rd7 1/2-1/2

[Event "Mondiale Lampo FIDE 2019"]
[Site "Mosca"]
[Date "29.12.2019"]
[Round "4.14"]
[White "Sakaev, Konstantin"]
[Black "Aronian, Levon"]
[Result "1/2-1/2"]
[WhiteTitle "GM"]
[BlackTitle "GM"]
[WhiteElo "2596"]
[BlackElo "2775"]
[WhiteFideId "4104226"]
[BlackFideId "13300474"]
[EventDate "2019.12.29"]

1. d4 Nf6 2. c4 e6 3. Nf3 d5 4. g3 Be7 5. Bg2 O-O 6. O-O dxc4 7. Qa4 a6 8. Qxc4
b5 9. Qc2 Bb7 10. Bg5 Nbd7 11. Nbd2 Rc8 12. Bxf6 Nxf6 13. Nb3 Be4 14. Qd2 c5 15.
dxc5 Bxc5 16. Nxc5 Rxc5 17. Rac1 Rxc1 18. Rxc1 Qa8 19. Qe3 Rd8 20. Ne1 Bxg2 21.
Nxg2 h6 22. Nf4 Nd5 23. Nxd5 Qxd5 24. a3 Qd2 25. Qxd2 Rxd2 26. Rc8+ Kh7 27. b4
Rxe2 28. Rc6 1/2-1/2

[Event "Mondiale Lampo FIDE 2019"]
[Site "Mosca"]
[Date "29.12.2019"]
[Round "4.16"]
[White "Svidler, Peter"]
[Black "Golubov, Saveliy"]
[Result "0-1"]
[WhiteTitle "GM"]
[BlackTitle "IM"]
[WhiteElo "2723"]
[BlackElo "2469"]
[WhiteFideId "4102142"]
[BlackFideId "24176729"]
[EventDate "2019.12.29"]

1. e4 c5 2. Nf3 e6 3. d4 d5 4. exd5 exd5 5. Bb5+ Nc6 6. O-O Nf6 7. Be3 Be7 8.
dxc5 O-O 9. h3 Ne4 10. Nbd2 Nxc5 11. c3 a6 12. Be2 Bf5 13. Nb3 Ne4 14. Nbd4 Nxd4
15. Qxd4 Bc5 16. Qe5 Bxe3 17. fxe3 Bg6 18. Qd4 Ng3 19. Rfe1 Re8 20. Bd3 Be4 21.
Rad1 Nf5 22. Qb4 Bxf3 23. gxf3 Nxe3 24. Rc1 Qg5+ 25. Kf2 Qg2# 0-1

[Event "Mondiale Lampo FIDE 2019"]
[Site "Mosca"]
[Date "29.12.2019"]
[Round "4.17"]
[White "Tran, Tuan Minh"]
[Black "Duda, Jan-Krzysztof"]
[Result "0-1"]
[WhiteTitle "GM"]
[BlackTitle "GM"]
[WhiteElo "2529"]
[BlackElo "2758"]
[WhiteFideId "12401820"]
[BlackFideId "1170546"]
[EventDate "2019.12.29"]

1. d4 Nf6 2. c4 e6 3. Nc3 Bb4 4. e3 c5 5. Ne2 cxd4 6. exd4 O-O 7. a3 Be7 8. Nf4
d6 9. Be2 Nbd7 10. O-O a6 11. Be3 b6 12. Bf3 Ra7 13. h3 Rc7 14. Qe2 Bb7 15. Bxb7
Rxb7 16. Rac1 Rc7 17. Qd3 Qa8 18. Nce2 Rfc8 19. Ng3 Bf8 20. Rc3 d5 21. Rfc1 dxc4
22. Rxc4 Rxc4 23. Rxc4 Rxc4 24. Qxc4 b5 25. Qc7 g6 26. Nd3 Qb8 27. Qc2 a5 28.
Qc6 b4 29. a4 Kg7 30. b3 Bd6 31. Ne2 Qb6 32. Qc8 Qc7 33. Qxc7 Bxc7 34. Nb2 Nd5
35. Nc4 Nb8 36. Kf1 Nc6 37. Ke1 h6 38. Kd2 g5 39. Kd3 f5 40. Bd2 Kf6 41. Ng1 Bf4
42. Be3 h5 43. Nf3 g4 44. hxg4 fxg4 45. Nfd2 h4 46. Ne4+ Kg6 47. Ke2 Bxe3 48.
fxe3 Nc3+ 49. Nxc3 bxc3 50. Na3 Nb4 51. Kd1 h3 0-1

[Event "Mondiale Lampo FIDE 2019"]
[Site "Mosca"]
[Date "29.12.2019"]
[Round "4.18"]
[White "Kezin, Roman"]
[Black "Fedoseev, Vladimir3"]
[Result "0-1"]
[WhiteTitle "IM"]
[BlackTitle "GM"]
[WhiteElo "2470"]
[BlackElo "2677"]
[WhiteFideId "24124621"]
[BlackFideId "24130737"]
[EventDate "2019.12.29"]

1. d4 d5 2. c4 e6 3. Nf3 Nf6 4. g3 Bb4+ 5. Bd2 Be7 6. Bg2 O-O 7. O-O c6 8. Qc2
Nbd7 9. Rd1 Ne4 10. Nc3 f5 11. Bf4 g5 12. Bc1 Nd6 13. b3 g4 14. Ne5 Nf7 15. Bf4
Ndxe5 16. dxe5 Qe8 17. cxd5 cxd5 18. Nxd5 exd5 19. Bxd5 Kg7 20. Rac1 Ba3 21. Qc3
Be6 22. Bxe6 Qxe6 23. Rc2 Rac8 24. Qd2 Rfd8 0-1

[Event "Mondiale Lampo FIDE 2019"]
[Site "Mosca"]
[Date "29.12.2019"]
[Round "4.19"]
[White "Utegaliyev, Azamat"]
[Black "Jobava, Baadur"]
[Result "0-1"]
[BlackTitle "GM"]
[WhiteElo "2502"]
[BlackElo "2604"]
[WhiteFideId "13702467"]
[BlackFideId "13601520"]
[EventDate "2019.12.29"]

1. e4 c6 2. Nc3 d5 3. Nf3 Bg4 4. h3 Bxf3 5. Qxf3 e6 6. a3 g6 7. g3 Nd7 8. Bg2 h5
9. h4 Bh6 10. O-O Ngf6 11. d3 Bxc1 12. Raxc1 O-O 13. Qe2 Kg7 14. Rcd1 Qb6 15. b3
Qc5 16. Nb1 dxe4 17. Bxe4 Nxe4 18. Qxe4 Qxc2 19. Nd2 Nf6 20. Qe5 Qxd3 21. Nc4
Qxb3 22. Nd6 Rad8 23. Rd4 Qxa3 24. Rfd1 Rxd6 25. Rxd6 Qf3 26. R1d3 Qf5 27. Qb2
Kh7 28. Rd8 Rxd8 29. Rxd8 b6 30. Ra8 Kg7 31. Rxa7 b5 32. Rc7 Qd5 33. Qc3 e5 34.
Qxc6 Qd1+ 35. Kg2 e4 36. Qe6 Qf3+ 37. Kg1 Ng4 38. Qa2 e3 39. Qb2+ Kh7 40. fxe3
Qxg3+ 41. Kf1 Qxc7 0-1

[Event "Mondiale Lampo FIDE 2019"]
[Site "Mosca"]
[Date "29.12.2019"]
[Round "4.20"]
[White "Bosiocic, Marin"]
[Black "Gelfand, Boris"]
[Result "1/2-1/2"]
[WhiteTitle "GM"]
[BlackTitle "GM"]
[WhiteElo "2623"]
[BlackElo "2684"]
[WhiteFideId "14507927"]
[BlackFideId "2805677"]
[EventDate "2019.12.29"]

1. e4 c5 2. Nf3 Nc6 3. Bb5 g6 4. O-O Bg7 5. Re1 e5 6. c3 Nge7 7. d3 O-O 8. Bg5
d6 9. Bxe7 Qxe7 10. Nbd2 f5 11. a3 Kh8 12. b4 f4 13. bxc5 dxc5 14. Bc4 g5 15. h3
Bd7 16. Bd5 Rad8 17. a4 Bf6 18. Nh2 Qe8 19. Nc4 Qg6 20. Nd6 b6 21. Nf5 Ne7 22.
Nxe7 Bxe7 23. Nf3 Bf6 24. Nh2 h5 25. f3 Be7 26. c4 a5 27. Re2 Bd6 28. Rb2 Bc7
29. Kf1 Qh6 30. Rf2 Kg7 31. Ke2 Rh8 32. Qf1 Rdf8 33. Kd1 Kf6 34. Kc2 Ke7 35. Kb3
Kd8 36. Ka3 Kc8 37. Rb1 Kb8 38. Rfb2 Rf6 39. Qe1 Kc8 40. Rb3 Qf8 41. Qd1 Qe8 42.
R3b2 Qe7 43. Qd2 Qe8 44. Qc2 Rg6 45. Qd1 Rhh6 46. Qc2 Rg7 47. Qd1 1/2-1/2

[Event "Mondiale Lampo FIDE 2019"]
[Site "Mosca"]
[Date "29.12.2019"]
[Round "4.21"]
[White "Predke, Alexandr"]
[Black "Tari, Aryan"]
[Result "0-1"]
[WhiteTitle "GM"]
[BlackTitle "GM"]
[WhiteElo "2676"]
[BlackElo "2634"]
[WhiteFideId "24107581"]
[BlackFideId "1510045"]
[EventDate "2019.12.29"]

1. e4 e5 2. Bc4 Nf6 3. d3 Nc6 4. Nc3 Bc5 5. h3 O-O 6. Nge2 h6 7. Ng3 d6 8. Na4
Bb6 9. O-O Be6 10. Bxe6 fxe6 11. Nxb6 axb6 12. c3 Qe8 13. a3 Qg6 14. Be3 Kh7 15.
Kh2 d5 16. f3 Rad8 17. Qe2 Rd7 18. a4 d4 19. Bg1 Qg5 20. Bf2 h5 21. Be1 h4 22.
Nh1 Ne7 23. Bd2 Qh5 24. cxd4 Rxd4 25. a5 Rfd8 26. Nf2 bxa5 27. Rxa5 Nc6 28. Ra3
R4d7 29. Be3 Qg6 30. Ng4 Nh5 31. Rc1 Nf4 32. Bxf4 exf4 33. Rc5 e5 34. b4 Qd6 35.
Qb2 b6 36. Rxc6 Qxc6 37. Qxe5 Qd6 38. Qh5+ Kg8 39. Qxh4 Qxb4 40. Ra7 Qe7 41. Qh5
Rxd3 42. Qg6 R3d6 43. Qf5 Re6 44. Qb5 Red6 45. Qf5 Qd7 46. Qg5 Qf7 47. Ne5 Qf6
48. Qxf6 gxf6 49. Ng4 R8d7 50. Nh6+ Kh7 51. Nf5 Rd2 52. h4 Rb2 53. Kh3 b5 54.
Kg4 b4 55. Ra6 Rf7 56. Kxf4 Rxg2 57. Nd4 c5 58. Ne6 c4 59. Rb6 b3 60. Rb4 b2 61.
Ke3 c3 62. Kd3 Rg1 63. Kc2 Rc1+ 0-1

[Event "Mondiale Lampo FIDE 2019"]
[Site "Mosca"]
[Date "29.12.2019"]
[Round "4.22"]
[White "Amin, Bassem"]
[Black "Castellanos Rodriguez, Renier"]
[Result "1-0"]
[WhiteTitle "GM"]
[BlackTitle "IM"]
[WhiteElo "2683"]
[BlackElo "2474"]
[WhiteFideId "10601457"]
[BlackFideId "3404650"]
[EventDate "2019.12.29"]

1. e4 e5 2. Nf3 Nc6 3. Bc4 Bc5 4. O-O d6 5. c3 Nf6 6. Re1 a6 7. d4 Ba7 8. h3 Qe7
9. a4 h6 10. Be3 g5 11. dxe5 dxe5 12. Bxa7 Rxa7 13. Nh2 Ra8 14. Nd2 h5 15. Ndf1
g4 16. h4 Be6 17. Ne3 Rd8 18. Qc2 Kf8 19. Nhf1 Ne8 20. g3 Nd6 21. Bd5 Nb8 22.
Rad1 Kg7 23. Nd2 c6 24. Bxe6 Qxe6 25. Nf5+ Nxf5 26. exf5 Qe7 27. Ne4 Nd7 28. Rd6
Rh6 29. Rxh6 Kxh6 30. Qd2+ Kg7 31. f6+ Nxf6 32. Qg5+ 1-0

[Event "Mondiale Lampo FIDE 2019"]
[Site "Mosca"]
[Date "29.12.2019"]
[Round "4.23"]
[White "Adly, Ahmed"]
[Black "Aravindh, Chithambaram VR."]
[Result "1-0"]
[WhiteTitle "GM"]
[BlackTitle "GM"]
[WhiteElo "2607"]
[BlackElo "2605"]
[WhiteFideId "10601619"]
[BlackFideId "5072786"]
[EventDate "2019.12.29"]

1. Nf3 Nf6 2. g3 g6 3. Bg2 Bg7 4. O-O O-O 5. d4 d5 6. c4 c6 7. a4 a5 8. Na3 Na6
9. cxd5 Nxd5 10. e4 Nb6 11. Be3 Nb4 12. Ne5 Be6 13. f4 f6 14. Nf3 Bf7 15. b3 Nc8
16. Nc4 Nd6 17. Nfd2 Qc7 18. Qb1 b5 19. axb5 cxb5 20. Na3 Qc3 21. Qe1 e5 22.
fxe5 fxe5 23. d5 Rac8 24. Qe2 h5 25. Bh3 Rc7 26. Bb6 Ra8 27. Bxc7 Qxc7 28. Kh1
Be8 29. Be6+ Kh8 30. Rac1 Qe7 31. Rc3 Na2 32. Rcf3 b4 33. Nac4 Nc3 34. Qe3 Bb5
35. Rf7 Nxf7 36. Rxf7 Qd8 37. Nxe5 Be8 38. Nxg6+ Kh7 39. Nf8+ Kh8 40. Qh6+ 1-0

[Event "Mondiale Lampo FIDE 2019"]
[Site "Mosca"]
[Date "29.12.2019"]
[Round "4.24"]
[White "Timofeev, Artyom"]
[Black "Sargissian, Gabriel"]
[Result "1/2-1/2"]
[WhiteTitle "GM"]
[BlackTitle "GM"]
[WhiteElo "2588"]
[BlackElo "2689"]
[WhiteFideId "4140419"]
[BlackFideId "13300881"]
[EventDate "2019.12.29"]

1. c4 Nf6 2. e3 e6 3. Be2 d5 4. Nf3 b6 5. cxd5 exd5 6. O-O Bb7 7. b3 Bd6 8. Ba3
O-O 9. Bxd6 Qxd6 10. Nc3 c5 11. d4 Nc6 12. Rc1 Rfd8 13. Qc2 Rac8 14. dxc5 Qxc5
15. Nb5 Qe7 16. Qb2 Ne4 17. Rfd1 g6 18. h3 h5 19. a3 a6 20. Nbd4 Nxd4 21. Nxd4
Qf6 22. Bf3 Ng5 23. Qd2 a5 24. Rxc8 Rxc8 25. Rc1 Rxc1+ 26. Qxc1 Qe7 27. a4 Qc5
28. Qd2 Ne6 29. Nb5 Ng5 30. Nd4 Ne6 31. Nb5 Ng5 32. h4 Nxf3+ 33. gxf3 Bc6 34.
Nd4 Bd7 35. f4 Qe7 36. Nf3 Qe4 37. Nd4 Qe7 38. Nf3 Qe4 39. Nd4 Qe7 40. Nf3 Qe4
41. Nd4 1/2-1/2

[Event "Mondiale Lampo FIDE 2019"]
[Site "Mosca"]
[Date "29.12.2019"]
[Round "4.25"]
[White "Socko, Bartosz"]
[Black "Iturrizaga Bonelli, Eduardo"]
[Result "1-0"]
[WhiteTitle "GM"]
[BlackTitle "GM"]
[WhiteElo "2618"]
[BlackElo "2597"]
[WhiteFideId "1107038"]
[BlackFideId "3901211"]
[EventDate "2019.12.29"]

1. d4 Nf6 2. c4 e6 3. Nf3 Bb4+ 4. Nbd2 O-O 5. g3 b6 6. Bg2 Bb7 7. O-O Re8 8. Qc2
d5 9. a3 Bf8 10. b4 dxc4 11. Nxc4 Be4 12. Qb3 Nc6 13. Bb2 a5 14. b5 a4 15. Qd1
Na5 16. Qxa4 Bd5 17. Nxa5 Rxa5 18. Qc2 Rxb5 19. Ne5 Bxg2 20. Kxg2 c5 21. Rfd1
Qa8+ 22. Nf3 Rc8 23. a4 Rb4 24. dxc5 Rxc5 25. Qd2 Rd5 26. Qc2 Rxd1 27. Rxd1 Qxa4
28. Qxa4 Rxa4 29. Rd8 Nd5 30. Ne5 Ne7 31. Nd7 Ng6 32. Be5 h5 33. Nxf8 Nxf8 34.
Bd6 Rd4 35. Rxf8+ Kh7 36. Bc7 1-0

[Event "Mondiale Lampo FIDE 2019"]
[Site "Mosca"]
[Date "29.12.2019"]
[Round "4.26"]
[White "Sarana, Alexey"]
[Black "Rakhmanov, Aleksandr"]
[Result "1/2-1/2"]
[WhiteTitle "GM"]
[BlackTitle "GM"]
[WhiteElo "2663"]
[BlackElo "2645"]
[WhiteFideId "24133795"]
[BlackFideId "4173708"]
[EventDate "2019.12.29"]

1. d4 Nf6 2. c4 d6 3. Nf3 g6 4. Nc3 Bf5 5. g3 Bg7 6. Bg2 c6 7. O-O O-O 8. Nh4
Be6 9. Qd3 d5 10. cxd5 cxd5 11. Bf4 Nc6 12. Rfd1 Qd7 13. Nf3 Bf5 14. Qb5 Rfc8
15. Rac1 Be6 16. Ne5 Nxe5 17. Bxe5 Qxb5 18. Nxb5 Ne8 19. Bxg7 Kxg7 20. e3 Bd7
21. Nc3 e6 22. Bf1 Nd6 23. Bd3 Rc7 24. Kf1 Rac8 25. Ke2 a5 26. Kd2 b5 27. b3 b4
28. Ne2 Bb5 29. Rxc7 Rxc7 30. f3 Bxd3 31. Kxd3 Kf8 32. Rd2 Ke7 33. e4 Nb5 34. h4
Kd7 35. h5 Nc3 36. Nf4 Kd6 37. Rh2 Nb5 38. Ne2 Nc3 39. hxg6 hxg6 40. Nf4 Nb5 41.
e5+ Kd7 42. Ne2 Nc3 43. Rh7 Ke8 44. Nf4 Nb5 45. Ne2 Nc3 46. Rh8+ Ke7 47. Nf4 Nb5
48. Ne2 Nc3 49. Nf4 1/2-1/2